| 000 | 00323nam a22000977a 4500 | ||
|---|---|---|---|
| 008 | 150617b xxu||||| |||| 00| 0 eng d | ||
| 010 | _8 SCCRSF: 004 | ||
| 245 | _aHIGH COURT CRIMINAL SESSION No.530 of 1969 Uganda Vs George Zizinga | ||
| 260 | _a High Court Kampala | ||
| 500 | _3Before: The Hon. Acting Chief Justice D.J. Sheridan | ||
| 999 |
_c6323 _d6323 |
||